| 000 | 00577nam a22001817a 4500 | ||
|---|---|---|---|
| 005 | 20250625122558.0 | ||
| 010 | _aENG-145558 | ||
| 020 |
_a9788119670727 _c495.00 |
||
| 035 | _aEN-129090 | ||
| 037 | _bDBAD/PUB | ||
| 082 | _a921 | ||
| 100 |
_aChatterji, Shoma A _982330 |
||
| 245 |
_aAmitabh Bachchan As The Other/ _cShoma A Chatterji |
||
| 260 |
_aNew Delhi _bVitasta Publishing Pvt. Ltd _c2024 |
||
| 270 |
_a2/15 Ansari Road Daryaganj _bNew Delhi _e110002 _minfo@vitastapublishing.com |
||
| 300 |
_axlviii, 323p. _c22cm(pb) |
||
| 942 |
_2ddc _cEN _h921 _mCHA |
||
| 999 |
_c211942 _d211942 |
||